000 00474nam a22001577a 4500
999 _c531487
_d531487
003 NUST
005 20191017155052.0
008 191017b ||||| |||| 00| 0 eng d
038 _aNusrat Nadeem
082 _a004 RAH
100 _aBatool Rahila
_924265
245 _aMS/Thesis:Modelling and Control of Power Dissipation in Internet Data Centers
_cRahila Batool
260 _aIslamabad
_bRCMS NUST
_c2018
700 _4Dr. Mian Ilyas Ahmad(Supervisor)
942 _2ddc
_cTHE